Central Library OPAC University of Rajshahi

Introduction to semantics and Formalization of logic / (Record no. 499)

MARC details
000 -LEADER
fixed length control field 01045cam a22003131 4500
001 - CONTROL NUMBER
control field 499
003 - CONTROL NUMBER IDENTIFIER
rucl marc code BD-RjUL
005 - DATE AND TIME OF LATEST TRANSACTION
control field 20211208233206.0
008 - FIXED-LENGTH DATA ELEMENTS--GENERAL INFORMATION
fixed length control field 751104t19431961us b 001 0 eng
035 ## - SYSTEM CONTROL NUMBER
System control number (BD-RjUL)516
System control number (OCoLC)1806753
040 ## - CATALOGING SOURCE
Original cataloging agency DLC
Transcribing agency FU-L
Modifying agency OCoLC
-- DLC
-- BD-RjUL
Language of cataloging eng
041 ## - LANGUAGE CODE
Language code of text/sound track or separate title eng
082 ## - DEWEY DECIMAL CLASSIFICATION NUMBER
Classification number 149.94
Edition number 21
Author mark and year CAI 1961
100 1# - MAIN ENTRY--PERSONAL NAME
Personal name Carnap, Rudolf,
Dates associated with a name 1891-1970.
9 (RLIN) 53878
245 00 - TITLE STATEMENT
Title Introduction to semantics and Formalization of logic /
Statement of responsibility, etc. by Rudolf Carnap.
260 ## - PUBLICATION, DISTRIBUTION, ETC. (IMPRINT)
Place of publication, distribution, etc. Cambridge,
Name of publisher, distributor, etc. Harvard University Press,
Date of publication, distribution, etc. c1943 [1961].
300 ## - PHYSICAL DESCRIPTION
Pagination xiv, 259, xv, 159 p.
Size 22 cm.
490 1# - SERIES STATEMENT
Series statement Studies in semantcs ;
Volume/sequential designation v. 1-2
500 ## - GENERAL NOTE
General note "Two Volumes in One"
504 ## - BIBLIOGRAPHY, ETC. NOTE
Bibliography, etc Includes bibliography nd index.
505 ## - FORMATTED CONTENTS NOTE
Formatted contents note Volume I: Introduction to semantics. Volume II: Formalization of logic
650 #0 - SUBJECT ADDED ENTRY--TOPICAL TERM
Topical term or geographic name as entry element Semantics (Philosophy)
9 (RLIN) 90919
Topical term or geographic name as entry element Logic, Symbolic and mathematical.
9 (RLIN) 90920
942 ## - ADDED ENTRY ELEMENTS (KOHA)
Source of classification or shelving scheme Dewey Decimal Classification
Koha item type Books
Holdings
Lost status Source of classification or shelving scheme Damaged status Not for loan Collection code Permanent Location Current Location Shelving location Date acquired Source of acquisition Cost, normal purchase price Total Checkouts Full call number Date last seen Copy number Koha item type
  Dewey Decimal Classification   Added to bundle Non-fiction Central Library, University of Rajshahi Central Library, University of Rajshahi Reading Room   Zeittlinger 49.00   149.94 CAI 1961 08/04/2014 C-1 Books